[Event "87o Campeonato Brasileiro Absoluto Final Aberta"]
[Site "Cuiaba MT"]
[Date "2021.11.01"]
[Round "7"]
[Board "14"]
[White "Barbosa, Evandro Amorim"]
[Black "Uczai, Joao Pedro Filimberti"]
[Result "1/2-1/2"]
[WhiteElo "2509"]
[BlackElo "2058"]
[PlyCount "157"]
[EventDate "2021.10.28"]
[EventRounds "11"]
[EventCountry "BRA"]

1. d4 e6 2. c4 d5 3. Nf3 Nf6 4. g3 Be7 5. Bg2 O-O 6. O-O dxc4 7. Qc2 a6 8. a4
c5 9. dxc5 Bxc5 10. Nbd2 Nc6 11. Nxc4 Qe7 12. Nfe5 Nb4 13. Qb3 Nfd5 14. Bd2 Rb8
15. e4 Nf6 16. Rac1 Bd7 17. Nb6 Bc6 18. Qc4 Bd6 19. Rfd1 a5 20. Bxb4 Bxb4 21.
Nxc6 bxc6 22. Qxc6 Qa7 23. Nd7 Nxd7 24. Rxd7 Qb6 25. Qxb6 Rxb6 26. Bf1 Rd6 27.
Rcc7 Rxd7 28. Rxd7 Rc8 29. b3 Kf8 30. Bc4 Ke8 31. Rb7 Rd8 32. f4 Bd6 33. f5 Rb8
34. Bb5+ Kf8 35. Rd7 Be7 36. Bc4 exf5 37. exf5 Rd8 38. Rb7 Rd2 39. Kf1 Ke8 40.
Ke1 Rd4 41. Ke2 Re4+ 42. Kf3 Re5 43. g4 h6 44. Ra7 Re3+ 45. Kg2 Bb4 46. Bxf7+
Kf8 47. Bc4 Bc3 48. Rf7+ Ke8 49. Rb7 Kf8 50. h4 Re7 51. Rb8+ Re8 52. Rb5 Re5
53. Rb8+ Re8 54. Rb6 Re3 55. g5 hxg5 56. hxg5 Bd4 57. Rc6 Ke7 58. Be6 Be5 59.
Rc5 Bc3 60. Rc7+ Kd6 61. Rd7+ Ke5 62. Rxg7 Kf4 63. Rc7 Kxg5 64. Rc4 Bb4 65. Rd4
Rc3 66. Kf1 Rc2 67. Re4 Rb2 68. Rd4 Ra2 69. Re4 Rb2 70. Rd4 Rd2 71. Rc4 Rb2 72.
Rc8 Kf4 73. Rh8 Ke5 74. Rh3 Rd2 75. Rf3 Ke4 76. Rg3 Kf4 77. Rh3 Rd1+ 78. Ke2
Rd2+ 79. Kf1  1/2-1/2

[Event "87o Campeonato Brasileiro Absoluto Final Aberta"]
[Site "Cuiaba MT"]
[Date "2021.11.01"]
[Round "7"]
[Board "15"]
[White "Mariano, Marceley Martins"]
[Black "Proudian, Armen"]
[Result "0-1"]
[WhiteElo "2095"]
[BlackElo "2427"]
[PlyCount "74"]
[EventDate "2021.10.28"]
[EventRounds "11"]
[EventCountry "BRA"]

1. e4 e5 2. Nf3 Nc6 3. Bb5 a6 4. Ba4 Nge7 5. c3 g6 6. d3 Bg7 7. h4 d5 8. Qe2
Bg4 9. Be3 O-O 10. Nbd2 d4 11. cxd4 Nxd4 12. Bxd4 exd4 13. O-O-O b5 14. Bc2 c5
15. Kb1 Nc6 16. Bb3 Rc8 17. Rc1 Qd6 18. Qf1 a5 19. Nh2 Bd7 20. f4 a4 21. Bd1 a3
22. e5 Qe7 23. b3 Nb4 24. Ne4 c4 25. dxc4 Bf5 26. Bf3 bxc4 27. bxc4 Qb7 28. Qe2
Nd3+ 29. Kc2 Nxf4 30. Kd1 Nxe2 31. Nf6+ Bxf6 32. Bxb7 Nxc1 33. Bxc8 Rxc8 34.
exf6 Nxa2 35. g4 Be4 36. Re1 Nc3+ 37. Kd2 a2  0-1

[Event "87o Campeonato Brasileiro Absoluto Final Aberta"]
[Site "Cuiaba MT"]
[Date "2021.11.01"]
[Round "7"]
[Board "16"]
[White "Souza Neves, Andrey M."]
[Black "Oliveira, Silvio Eduardo"]
[Result "0-1"]
[WhiteElo "2087"]
[BlackElo "2321"]
[PlyCount "68"]
[EventDate "2021.10.28"]
[EventRounds "11"]
[EventCountry "BRA"]

1. e4 c5 2. c3 Nf6 3. e5 Nd5 4. Nf3 d6 5. Bc4 Nb6 6. Bb3 c4 7. Bc2 dxe5 8. Nxe5
Qd5 9. Nf3 Bf5 10. O-O e6 11. b3 Nc6 12. Bxf5 Qxf5 13. Na3 Bxa3 14. Bxa3 O-O-O
15. Qe2 Nd5 16. Qxc4 Nf4 17. g3 g5 18. Nxg5 Nd3 19. f4 Rd7 20. b4 a6 21. Rab1
h6 22. Ne4 Rd5 23. b5 axb5 24. Rxb5 Rhd8 25. Rfb1 Rxb5 26. Rxb5 Qg4 27. Rc5
Qd1+ 28. Kg2 Qe2+ 29. Kh3 Qxe4 30. Qxe4 Nf2+ 31. Kh4 Nxe4 32. Rh5 Rxd2 33. h3
Rxa2 34. Bf8 Rc2  0-1

[Event "87o Campeonato Brasileiro Absoluto Final Aberta"]
[Site "Cuiaba MT"]
[Date "2021.11.01"]
[Round "7"]
[Board "17"]
[White "Filgueiras, Nathan Felipe"]
[Black "Trevisan, Rodrigo"]
[Result "1-0"]
[WhiteElo "2312"]
[BlackElo "2111"]
[PlyCount "57"]
[EventDate "2021.10.28"]
[EventRounds "11"]
[EventCountry "BRA"]

1. e4 c5 2. Nf3 d6 3. d4 cxd4 4. Nxd4 Nf6 5. Nc3 a6 6. Bd3 e5 7. Nde2 Qc7 8.
O-O Be6 9. Ng3 h5 10. h3 Nbd7 11. Be3 b5 12. f4 h4 13. Nge2 b4 14. Na4 Qc6 15.
c3 Bc4 16. b3 Bxd3 17. Qxd3 Qxe4 18. Qxe4 Nxe4 19. cxb4 d5 20. fxe5 Bxb4 21.
Rad1 Rh5 22. Rxd5 Rxe5 23. Rxe5+ Nxe5 24. Rf4 f5 25. Rxf5 O-O-O 26. Nd4 Re8 27.
Bf4 Nd3 28. Rf7 Re7 29. Rf8+  1-0

[Event "87o Campeonato Brasileiro Absoluto Final Aberta"]
[Site "Cuiaba MT"]
[Date "2021.11.01"]
[Round "7"]
[Board "18"]
[White "Guimaraes, Diogo Duarte"]
[Black "Sekula, Markley Ribas"]
[Result "1-0"]
[WhiteElo "2264"]
[BlackElo "2092"]
[PlyCount "51"]
[EventDate "2021.10.28"]
[EventRounds "11"]
[EventCountry "BRA"]

1. e4 e5 2. Nf3 Nf6 3. d4 Nxe4 4. Bd3 d5 5. Nxe5 Nd7 6. O-O Nxe5 7. dxe5 Nc5 8.
Be2 Be7 9. f4 c6 10. Be3 Ne4 11. c4 O-O 12. cxd5 cxd5 13. Nd2 Bc5 14. Bxc5 Nxc5
15. Nf3 Bf5 16. Nd4 Be4 17. b4 Ne6 18. Nb5 Qb6+ 19. Kh1 Qe3 20. f5 Nf4 21. Bf3
Bd3 22. Re1 Qf2 23. Nd6 Bc2 24. Rf1 Bxd1 25. Rxf2 Ba4 26. Rd2  1-0

[Event "87o Campeonato Brasileiro Absoluto Final Aberta"]
[Site "Cuiaba MT"]
[Date "2021.11.01"]
[Round "7"]
[Board "19"]
[White "Veiga, Emerson De Sousa"]
[Black "Nogueira, Ivan Kuhlmann"]
[Result "1/2-1/2"]
[WhiteElo "2072"]
[BlackElo "2237"]
[PlyCount "44"]
[EventDate "2021.10.28"]
[EventRounds "11"]
[EventCountry "BRA"]

1. e4 Nf6 2. e5 Nd5 3. d4 d6 4. Nf3 Nc6 5. exd6 exd6 6. c4 Nb6 7. d5 Qe7+ 8.
Be2 Ne5 9. O-O Nxf3+ 10. Bxf3 Qf6 11. Re1+ Be7 12. Qe2 Bd7 13. Bd2 Nc8 14. Bc3
Qh6 15. Nd2 O-O 16. Ne4 f5 17. Bd2 fxe4 18. Bxh6 exf3 19. Qxe7 Nxe7 20. Rxe7
Rf7 21. Rxf7 Kxf7 22. Be3 fxg2  1/2-1/2

[Event "87o Campeonato Brasileiro Absoluto Final Aberta"]
[Site "Cuiaba MT"]
[Date "2021.11.01"]
[Round "7"]
[Board "20"]
[White "Do Nascimento, Christian Almeida"]
[Black "Brito, Luismar"]
[Result "1-0"]
[WhiteElo "2037"]
[BlackElo "2198"]
[PlyCount "93"]
[EventDate "2021.10.28"]
[EventRounds "11"]
[EventCountry "BRA"]

1. d4 Nf6 2. Bg5 c6 3. Nc3 d5 4. e3 Nbd7 5. Nf3 g6 6. Bd3 Bg7 7. Qd2 O-O 8.
O-O-O Qe8 9. e4 dxe4 10. Bxe4 Nb6 11. Bd3 Bg4 12. Qf4 Qc8 13. h3 Bxf3 14. Qxf3
Rd8 15. Rde1 Rd7 16. h4 Qf8 17. h5 Bh6 18. Bxh6 Qxh6+ 19. Kb1 Qg7 20. hxg6 hxg6
21. Rh4 Rad8 22. Ne2 Nbd5 23. Reh1 Kf8 24. Bc4 Rd6 25. Rh8+ Ng8 26. Bxd5 Rxd5
27. Nf4 R5d6 28. c3 e5 29. R8h7 Qf6 30. dxe5 Qf5+ 31. Ka1 Rd2 32. g4 R8d3 33.
gxf5 Rxf3 34. Nh3 Rxf5 35. f4 Ke7 36. Rh8 Rd8 37. Kb1 g5 38. Rg1 b5 39. Kc2 a5
40. Rxg5 Rxg5 41. Nxg5 c5 42. Rh7 Rf8 43. f5 c4 44. Kd2 Rd8+ 45. Ke3 Rd3+ 46.
Kf4 Ke8 47. Rh8  1-0

[Event "87o Campeonato Brasileiro Absoluto Final Aberta"]
[Site "Cuiaba MT"]
[Date "2021.11.01"]
[Round "7"]
[Board "21"]
[White "Jordao Barbosa, Marcio"]
[Black "Piccoli, Lucas Fonseca"]
[Result "1-0"]
[WhiteElo "2183"]
[BlackElo "2075"]
[PlyCount "88"]
[EventDate "2021.10.28"]
[EventRounds "11"]
[EventCountry "BRA"]

1. e4 c5 2. Nf3 Nc6 3. d4 cxd4 4. Nxd4 Nf6 5. Nc3 e5 6. Ndb5 d6 7. Bg5 a6 8.
Na3 b5 9. Nd5 Be7 10. Bxf6 Bxf6 11. c4 b4 12. Nc2 O-O 13. Ncxb4 Nxb4 14. Nxb4
Qb6 15. Qd2 Rb8 16. Nd5 Qxb2 17. Qxb2 Rxb2 18. Bd3 Bh4 19. g3 Bg5 20. h4 Bd2+
21. Kf1 Be6 22. Kg2 Bxd5 23. cxd5 Be3 24. Rhf1 Bd4 25. a4 a5 26. Rac1 h5 27.
Rc6 Rd2 28. Bb5 f5 29. exf5 Bc5 30. Kh3 Rxf5 31. f3 Bf2 32. Rc3 g5 33. Bd7 g4+
34. fxg4 hxg4+ 35. Kxg4 Rf6 36. Rc7 Rd4+ 37. Kg5 Rf8 38. Be6+ Kh8 39. Kg6 Rg8+
40. Bxg8 Rg4+ 41. Kh5 Rxg8 42. Rxf2 e4 43. Rff7 Re8 44. Rh7+ Kg8  1-0

[Event "87o Campeonato Brasileiro Absoluto Final Aberta"]
[Site "Cuiaba MT"]
[Date "2021.11.01"]
[Round "7"]
[Board "22"]
[White "Pereira, Geanfrancesco"]
[Black "Ribeiro, Matheus Mendes Domingues"]
[Result "1-0"]
[WhiteElo "2023"]
[BlackElo "2177"]
[PlyCount "83"]
[EventDate "2021.10.28"]
[EventRounds "11"]
[EventCountry "BRA"]

1. e4 c5 2. Nf3 e6 3. d3 Nc6 4. g3 Nf6 5. Bg2 d5 6. Nbd2 Be7 7. O-O O-O 8. Re1
b5 9. e5 Nd7 10. Nf1 Qc7 11. Bf4 Bb7 12. h4 Rfc8 13. h5 h6 14. N1h2 Bf8 15. Ng4
Qd8 16. c3 a5 17. Qd2 b4 18. Nfh2 Rab8 19. Rec1 a4 20. cxb4 cxb4 21. d4 Na5 22.
Nxh6+ gxh6 23. Ng4 b3 24. Bxh6 Bxh6 25. Nxh6+ Kf8 26. Qf4 Qe7 27. Rxc8+ Rxc8
28. axb3 Nxb3 29. Rxa4 Nb6 30. Ra7 Rc4 31. Qg4 Ke8 32. Qg8+ Qf8 33. Qxf8+ Kxf8
34. Rxb7 Rb4 35. Rxf7+ Ke8 36. Rb7 Nxd4 37. Nf7 Kf8 38. h6 Kg8 39. Ng5 Nc6 40.
Rg7+ Kf8 41. Nxe6+ Ke8 42. h7  1-0

[Event "87o Campeonato Brasileiro Absoluto Final Aberta"]
[Site "Cuiaba MT"]
[Date "2021.11.01"]
[Round "7"]
[Board "23"]
[White "Sega, Carlos Alberto"]
[Black "Souza Dos Santos, Matheus Garcett"]
[Result "1/2-1/2"]
[WhiteElo "2164"]
[BlackElo "1999"]
[PlyCount "44"]
[EventDate "2021.10.28"]
[EventRounds "11"]
[EventCountry "BRA"]

1. c4 g6 2. g3 Bg7 3. Bg2 e5 4. Nc3 Nc6 5. e3 d6 6. Nge2 f5 7. d4 Nf6 8. O-O
O-O 9. Nd5 e4 10. Nec3 Ne7 11. f3 exf3 12. Rxf3 c6 13. Nxf6+ Bxf6 14. Qd3 d5
15. Bd2 dxc4 16. Qxc4+ Kg7 17. Raf1 Qd6 18. a3 Be6 19. Qe2 Rae8 20. g4 Qd7 21.
gxf5 Nxf5 22. Ne4 Bd5  1/2-1/2

[Event "87o Campeonato Brasileiro Absoluto Final Aberta"]
[Site "Cuiaba MT"]
[Date "2021.11.01"]
[Round "7"]
[Board "24"]
[White "Dos Anjos, Avner Augusto"]
[Black "Luz, Arthur Nader"]
[Result "1-0"]
[WhiteElo "1923"]
[BlackElo "2149"]
[PlyCount "105"]
[EventDate "2021.10.28"]
[EventRounds "11"]
[EventCountry "BRA"]

1. d4 Nf6 2. c4 g6 3. Nc3 Bg7 4. e4 d6 5. Nf3 O-O 6. Be2 Nbd7 7. O-O e5 8. d5
Qe7 9. Ne1 Nc5 10. f3 Nh5 11. Be3 a5 12. a3 Nf4 13. b4 axb4 14. axb4 Rxa1 15.
Qxa1 Nb3 16. Qd1 Nd4 17. Nd3 Ndxe2+ 18. Nxe2 Nxd3 19. Qxd3 f5 20. Nc3 Qh4 21.
Qd2 h6 22. Qf2 Qe7 23. c5 fxe4 24. Nxe4 Bf5 25. Qd2 Bxe4 26. fxe4 Rxf1+ 27.
Kxf1 Qh4 28. cxd6 cxd6 29. Qc2 Kh7 30. h3 b5 31. Bf2 Qf4 32. Qe2 h5 33. Qe3 Bh6
34. Qxf4 exf4 35. Ke2 g5 36. e5 Bf8 37. exd6 Bxd6 38. Bc5 Be5 39. d6 Bf6 40.
Bb6 Kg6 41. d7 Kf5 42. d8=Q Bxd8 43. Bxd8 g4 44. hxg4+ hxg4 45. Kd3 Ke5 46.
Bc7+ Kf5 47. Kd4 g3 48. Kd5 f3 49. gxf3 g2 50. Bb6 Kf4 51. Kc6 Kxf3 52. Kxb5
Ke4 53. Kc6  1-0

[Event "87o Campeonato Brasileiro Absoluto Final Aberta"]
[Site "Cuiaba MT"]
[Date "2021.11.01"]
[Round "7"]
[Board "26"]
[White "Mazetto, Sergio Luiz"]
[Black "Santanna, Paulo"]
[Result "1/2-1/2"]
[WhiteElo "2119"]
[BlackElo "1894"]
[PlyCount "67"]
[EventDate "2021.10.28"]
[EventRounds "11"]
[EventCountry "BRA"]

1. e4 c5 2. Nc3 a6 3. Nge2 e6 4. d4 cxd4 5. Nxd4 b5 6. Bd3 Qb6 7. Nb3 Qc7 8.
Qe2 Bb7 9. O-O b4 10. Nd1 a5 11. Kh1 Nc6 12. Be3 Nf6 13. f4 d6 14. Nf2 Be7 15.
Nd4 Nxd4 16. Bxd4 e5 17. Be3 O-O 18. fxe5 dxe5 19. Bg5 Ne8 20. Bd2 Nf6 21. Ng4
Nxg4 22. Qxg4 Kh8 23. Rf3 Ba6 24. Rg3 g6 25. Rf1 Bc8 26. Qe2 Bh4 27. Bg5 Bxg5
28. Rxg5 Qe7 29. Rg3 Be6 30. b3 Kg7 31. Qh5 f6 32. Qe2 g5 33. Qh5 h6 34. h3
 1/2-1/2

[Event "87o Campeonato Brasileiro Absoluto Final Aberta"]
[Site "Cuiaba MT"]
[Date "2021.11.01"]
[Round "7"]
[Board "27"]
[White "Limp, Eduardo Thelio"]
[Black "Jorge, Denrick Cabral Jose"]
[Result "1-0"]
[WhiteElo "2364"]
[BlackElo "1927"]
[PlyCount "93"]
[EventDate "2021.10.28"]
[EventRounds "11"]
[EventCountry "BRA"]

1. d4 Nf6 2. c4 g6 3. Nc3 d5 4. cxd5 Nxd5 5. e4 Nxc3 6. bxc3 Bg7 7. Bc4 c5 8.
Ne2 Nc6 9. Be3 O-O 10. O-O b6 11. Rc1 Bb7 12. f3 e6 13. Qd2 Rc8 14. Rfd1 Qd6
15. e5 Qd7 16. Ng3 Ne7 17. Ne4 Bxe4 18. fxe4 cxd4 19. cxd4 b5 20. Be2 Qb7 21.
Bd3 Rxc1 22. Rxc1 b4 23. Rc5 a6 24. Qc2 Rc8 25. Rxc8+ Nxc8 26. Qa4 h5 27. Qxa6
Qd7 28. Bb5 Qd8 29. Qa8 Kh7 30. Ba4 Bh6 31. Bf2 Qc7 32. Qc6 Qa5 33. Qb5 Qc7 34.
Qxb4 Qc1+ 35. Qe1 Qb2 36. Bb3 Bd2 37. Qd1 Ne7 38. h3 Nc6 39. d5 exd5 40. exd5
Nxe5 41. d6 Nd3 42. Bb6 Nf4 43. Qf1 Kg7 44. Qf2 Qc1+ 45. Kh2 Qc6 46. Qxd2 Nxg2
47. d7  1-0

[Event "87o Campeonato Brasileiro Absoluto Final Aberta"]
[Site "Cuiaba MT"]
[Date "2021.11.01"]
[Round "7"]
[Board "28"]
[White "De Souza Monteiro, Marcos Paulo"]
[Black "Federzoni, Enzo"]
[Result "0-1"]
[WhiteElo "1942"]
[BlackElo "2215"]
[PlyCount "68"]
[EventDate "2021.10.28"]
[EventRounds "11"]
[EventCountry "BRA"]

1. d4 Nf6 2. c4 g6 3. Nc3 d5 4. cxd5 Nxd5 5. Bd2 Nb6 6. Nf3 Bg7 7. Bf4 c5 8.
dxc5 Bxc3+ 9. bxc3 Qxd1+ 10. Rxd1 Na4 11. e3 Nxc5 12. Bc4 Be6 13. Bxe6 Nxe6 14.
Bh6 Nd7 15. Nd4 Ndc5 16. O-O O-O-O 17. Nxe6 Nxe6 18. e4 g5 19. Rd5 f6 20. Rfd1
Rxd5 21. exd5 Rd8 22. g3 Nc7 23. c4 b5 24. cxb5 Rxd5 25. Rxd5 Nxd5 26. f4 gxf4
27. Bxf4 Nxf4 28. gxf4 Kb7 29. Kf2 Kb6 30. Kf3 Kxb5 31. Kg4 Kc5 32. h4 e5 33.
h5 e4 34. h6 e3  0-1

[Event "87o Campeonato Brasileiro Absoluto Final Aberta"]
[Site "Cuiaba MT"]
[Date "2021.11.01"]
[Round "7"]
[Board "29"]
[White "Zallio, Luciano De Souza"]
[Black "Brito, Vicente De Paulo Alencar"]
[Result "1-0"]
[WhiteElo "2163"]
[BlackElo "1889"]
[PlyCount "113"]
[EventDate "2021.10.28"]
[EventRounds "11"]
[EventCountry "BRA"]

1. Nf3 Nf6 2. e3 g6 3. b3 Bg7 4. Bb2 O-O 5. c4 d6 6. d4 b6 7. Nc3 Bb7 8. Bd3
Nbd7 9. e4 e5 10. d5 Nh5 11. g4 Nf4 12. Ne2 Ng2+ 13. Kd2 Bh6+ 14. Kc2 Qf6 15.
Ng3 Nf4 16. h4 Nxd3 17. Qxd3 Bf4 18. g5 Qe7 19. Ne2 Nc5 20. Qd1 f5 21. Nxf4
fxe4 22. Nxe5 dxe5 23. Nh3 Nd3 24. Qe2 Bc8 25. Raf1 Bf5 26. Qe3 b5 27. cxb5
Nb4+ 28. Kb1 Nxd5 29. Qc1 Nb6 30. Ba3 Qe6 31. Bxf8 Rxf8 32. Ng1 e3+ 33. Ka1 Bd3
34. Nh3 e2 35. Re1 Be4 36. Rxe2 Bxh1 37. Qxh1 Qd6 38. Qe4 Qd1+ 39. Kb2 Rd8 40.
Qc2 Qd4+ 41. Qc3 Qxh4 42. Rxe5 Qd4 43. Re8+ Kf7 44. Rxd8 Qxd8 45. a4 Qe7 46.
Qh8 Qe2+ 47. Ka3 Qe7+ 48. b4 Nc4+ 49. Kb3 Nd2+ 50. Kc2 Qxb4 51. Qxh7+ Kf8 52.
Qh8+ Kf7 53. Qf6+ Ke8 54. Qxg6+ Kd8 55. Qf6+ Kc8 56. Qc3 Qg4 57. Kxd2  1-0

[Event "87o Campeonato Brasileiro Absoluto Final Aberta"]
[Site "Cuiaba MT"]
[Date "2021.11.01"]
[Round "7"]
[Board "30"]
[White "Gazineu Neto, Rubens"]
[Black "Oliveira, Leonardo Tadeu De Alme"]
[Result "1-0"]
[WhiteElo "1931"]
[BlackElo "2121"]
[PlyCount "51"]
[EventDate "2021.10.28"]
[EventRounds "11"]
[EventCountry "BRA"]

1. e4 e6 2. d4 d5 3. Nc3 dxe4 4. Nxe4 Nd7 5. Nf3 Ngf6 6. Nxf6+ Nxf6 7. Bd3 c5
8. O-O Qc7 9. c4 cxd4 10. Nxd4 Bd7 11. Qe2 Be7 12. Bd2 O-O 13. Rfe1 Bd6 14. h3
a6 15. Bc3 Rad8 16. Nf3 Be7 17. Ne5 Bc8 18. Red1 Rfe8 19. g4 h6 20. h4 g5 21.
hxg5 hxg5 22. Qe3 Rxd3 23. Qxg5+ Kf8 24. Qh6+ Kg8 25. Rxd3 Ne4 26. Ng6  1-0

[Event "87o Campeonato Brasileiro Absoluto Final Aberta"]
[Site "Cuiaba MT"]
[Date "2021.11.01"]
[Round "7"]
[Board "32"]
[White "Nunes Jr, Sidney"]
[Black "Rodrigues Mota, Romulo Cardoso S"]
[Result "1-0"]
[WhiteElo "2084"]
[BlackElo "1759"]
[PlyCount "109"]
[EventDate "2021.10.28"]
[EventRounds "11"]
[EventCountry "BRA"]

1. e4 c5 2. Nf3 Nc6 3. Bb5 g6 4. O-O Bg7 5. c3 e5 6. Re1 Nge7 7. a4 O-O 8. Na3
a6 9. Bc4 d5 10. exd5 Nxd5 11. h3 Bf5 12. d3 Nb6 13. Be3 Nxc4 14. dxc4 Qe7 15.
Qd5 Rfd8 16. Qxc5 Qxc5 17. Bxc5 Rd3 18. Be3 Rad8 19. Kf1 e4 20. Ng1 Be6 21. Ne2
Ne5 22. Nf4 Nxc4 23. Nxd3 Nxe3+ 24. Rxe3 exd3 25. Rd1 d2 26. Ke2 Bb3 27. Rxd2
Rxd2+ 28. Kxd2 Bh6 29. a5 Kf8 30. Kd3 Bxe3 31. Kxe3 Ke7 32. Kd4 Ke6 33. Nc4 f5
34. f4 h6 35. h4 Bd1 36. Kc5 Be2 37. b4 Bf1 38. Ne3 Bd3 39. c4 Be4 40. g3 Bc6
41. Nd5 h5 42. Nc7+ Kd7 43. Nd5 Ke6 44. Nc3 Kd7 45. Ne2 Be4 46. Nd4 Bg2 47. b5
Be4 48. bxa6 bxa6 49. Kb6 Kd6 50. c5+ Kd5 51. c6 Kd6 52. c7 Kd7 53. Ne6 Bd5 54.
Nf8+ Kc8 55. Nxg6  1-0

[Event "87o Campeonato Brasileiro Absoluto Final Aberta"]
[Site "Cuiaba MT"]
[Date "2021.11.01"]
[Round "7"]
[Board "33"]
[White "Costa, Kerginaldo Brito Da"]
[Black "Soares, Joao Carlos T. C."]
[Result "0-1"]
[WhiteElo "1926"]
[BlackElo "2056"]
[PlyCount "146"]
[EventDate "2021.10.28"]
[EventRounds "11"]
[EventCountry "BRA"]

1. e4 e6 2. d3 d5 3. Qe2 Be7 4. Nf3 Nf6 5. g3 O-O 6. e5 Nfd7 7. Bg2 c5 8. O-O
Nc6 9. Re1 b5 10. Nbd2 a5 11. h4 b4 12. c4 bxc3 13. bxc3 Ba6 14. c4 Nb6 15. a4
Nb4 16. Rd1 Qd7 17. Ba3 Nxa4 18. Rdc1 Nb6 19. Nf1 Rfd8 20. Ne3 dxc4 21. dxc4
Qd3 22. Qxd3 Nxd3 23. Rc3 Rab8 24. Bf1 Nb4 25. Rcc1 Bb7 26. Ne1 Ra8 27. Rd1 Kf8
28. Rxd8+ Bxd8 29. Nd1 Bc6 30. Nc3 Ke8 31. Bc1 h6 32. Be3 Be7 33. f4 Kd8 34.
Kf2 Kc7 35. Rc1 Kb7 36. Nb5 Bxb5 37. cxb5 Rc8 38. Nd3 Nxd3+ 39. Bxd3 Nd5 40.
Bd2 Kb6 41. Ra1 Nb4 42. Bc4 Rd8 43. Bc3 g5 44. hxg5 hxg5 45. Kf3 gxf4 46. gxf4
Rh8 47. Ke4 Rh3 48. Ra3 Re3+ 49. Kxe3 Nc2+ 50. Kd3 Nxa3 51. Bb2 Nxb5 52. f5 Nc7
53. fxe6 fxe6 54. Ke4 Bf8 55. Ba3 Bh6 56. Kd3 a4 57. Bb2 Bg5 58. Bc3 Bc1 59.
Kc2 Ba3 60. Bd2 Kc6 61. Ba5 Nd5 62. Bd2 Bb4 63. Bh6 Be1 64. Kb1 Bc3 65. Bg7 Bb4
66. Bh6 Bc3 67. Bg7 Bd4 68. Ka2 Kd7 69. Bd3 Nb4+ 70. Ka3 Nxd3 71. Kxa4 Bxe5 72.
Bh6 Kc6 73. Kb3 Kd5  0-1

[Event "87o Campeonato Brasileiro Absoluto Final Aberta"]
[Site "Cuiaba MT"]
[Date "2021.11.01"]
[Round "7"]
[Board "34"]
[White "Soares, Renan Barbosa Monteiro"]
[Black "Alves Campelo, Danilo Cesar De L"]
[Result "0-1"]
[WhiteElo "1886"]
[BlackElo "2017"]
[PlyCount "76"]
[EventDate "2021.10.28"]
[EventRounds "11"]
[EventCountry "BRA"]

1. d4 Nf6 2. c4 e6 3. Nf3 c5 4. d5 exd5 5. cxd5 d6 6. Nc3 g6 7. Nd2 a6 8. a4
Bg7 9. e4 O-O 10. Be2 Nbd7 11. O-O Re8 12. Qc2 Ne5 13. f4 Neg4 14. Nc4 Nh5 15.
Bxg4 Bd4+ 16. Be3 Bxg4 17. Rae1 Nf6 18. h3 Bc8 19. Bxd4 cxd4 20. Nd1 b5 21.
axb5 axb5 22. Na3 Qb6 23. Qd3 b4 24. Nc4 Qc5 25. b3 Ra2 26. Rf2 Rxf2 27. Nxf2
Nxd5 28. g3 Nc3 29. Ra1 Be6 30. Kh2 Bxc4 31. bxc4 Rc8 32. Ng4 h5 33. Nf6+ Kg7
34. Ra5 Qxa5 35. Qxd4 Qa2+ 36. Kh1 Qb1+ 37. Kg2 Qc2+ 38. Kh1 Qd1+  0-1

[Event "87o Campeonato Brasileiro Absoluto Final Aberta"]
[Site "Cuiaba MT"]
[Date "2021.11.01"]
[Round "7"]
[Board "35"]
[White "Pinto, Pedro Jorge De Moraes"]
[Black "Damasceno, Enzo De Carvalho"]
[Result "0-1"]
[WhiteElo "2010"]
[BlackElo "1692"]
[PlyCount "46"]
[EventDate "2021.10.28"]
[EventRounds "11"]
[EventCountry "BRA"]

1. Nf3 Nf6 2. c4 c6 3. Nc3 d5 4. e3 e6 5. d4 Nbd7 6. Be2 dxc4 7. Bxc4 b5 8. Be2
Bb7 9. O-O a6 10. b3 c5 11. Bb2 Be7 12. dxc5 Nxc5 13. Qd4 O-O 14. Rfd1 Qxd4 15.
Rxd4 Rfd8 16. Rad1 Rxd4 17. Rxd4 Rd8 18. Ba3 Rc8 19. Bb4 Nxb3 20. axb3 Bxb4 21.
Nxb5 Bc5 22. Nd6 Bxd4 23. Nxc8 Bc5  0-1

[Event "87o Campeonato Brasileiro Absoluto Final Aberta"]
[Site "Cuiaba MT"]
[Date "2021.11.01"]
[Round "7"]
[Board "36"]
[White "Araujo, Everson De Moura"]
[Black "Cymbalista, Eduardo Cymrot"]
[Result "1-0"]
[WhiteElo "1965"]
[BlackElo "1735"]
[PlyCount "67"]
[EventDate "2021.10.28"]
[EventRounds "11"]
[EventCountry "BRA"]

1. c4 c5 2. Nc3 Nc6 3. g3 g6 4. Bg2 Bg7 5. e3 e6 6. Nge2 Nge7 7. O-O O-O 8. b3
d5 9. cxd5 Nxd5 10. Bb2 Rb8 11. d4 Nxc3 12. Bxc3 cxd4 13. exd4 Ne7 14. Rc1 Nd5
15. Bb2 b6 16. Qd2 Bb7 17. Rc2 Qd7 18. Nf4 Nxf4 19. Qxf4 Bxg2 20. Kxg2 Rbc8 21.
Rfc1 Rxc2 22. Rxc2 Rc8 23. Rxc8+ Qxc8 24. Qd6 Bf8 25. Qf4 Bg7 26. Bc1 Qd8 27.
Be3 h6 28. h4 Kh7 29. Kh2 Bf8 30. Qe4 Qd5 31. Qc2 Qa5 32. Qc7 Kg7 33. a4 a6 34.
Qc8 {ilegivel}  1-0

[Event "87o Campeonato Brasileiro Absoluto Final Aberta"]
[Site "Cuiaba MT"]
[Date "2021.11.01"]
[Round "7"]
[Board "37"]
[White "De Carvalho, Vitor Augusto Ponciano"]
[Black "Vicentin, Marcos Tadeu"]
[Result "0-1"]
[WhiteElo "1757"]
[BlackElo "1961"]
[PlyCount "116"]
[EventDate "2021.10.28"]
[EventRounds "11"]
[EventCountry "BRA"]

1. d4 Nf6 2. c4 c5 3. d5 b5 4. cxb5 a6 5. b6 d6 6. Nc3 g6 7. e4 Nbd7 8. Nf3 Bg7
9. Be2 O-O 10. O-O Nxb6 11. a4 a5 12. Bf4 Nh5 13. Be3 h6 14. Nd2 Nf6 15. Rc1 e6
16. Nc4 exd5 17. exd5 Kh7 18. b3 Re8 19. h3 Bb7 20. Nxb6 Qxb6 21. Bc4 Ne4 22.
Nxe4 Rxe4 23. Qd3 Rae8 24. Rfe1 Qb4 25. Kf1 Bd4 26. Bd2 Rxe1+ 27. Rxe1 Rxe1+
28. Bxe1 Qb6 29. Ke2 Qd8 30. Qe4 Bc8 31. g4 f5 32. Qf3 Qe7+ 33. Kf1 Qh4 34. Bd3
f4 35. Bxa5 h5 36. gxh5 Bxh3+ 37. Kg1 Qg5+ 38. Kh2 Bg4 39. Bxg6+ Kg7 40. Bd8
Qxg6 41. Qxf4 Qxh5+ 42. Kg1 Bf3 43. Qg3+ Qg6 44. Bg5 Bxd5 45. Kh2 Kf7 46. Qg4
Be6 47. Qh4 Bf6 48. Bxf6 Qxf6 49. Qh5+ Ke7 50. Qh7+ Bf7 51. Qc2 Qe5+ 52. Kg1
Qe1+ 53. Kh2 Qe5+ 54. Kg1 Qg5+ 55. Kh2 Qh5+ 56. Kg3 Qg6+ 57. Qxg6 Bxg6 58. Kf4
Bc2  0-1

[Event "87o Campeonato Brasileiro Absoluto Final Aberta"]
[Site "Cuiaba MT"]
[Date "2021.11.01"]
[Round "7"]
[Board "38"]
[White "Do Carmo, Gabriel Carckeno"]
[Black "Custodio, Leandro"]
[Result "1-0"]
[WhiteElo "1398"]
[BlackElo "1953"]
[PlyCount "73"]
[EventDate "2021.10.28"]
[EventRounds "11"]
[EventCountry "BRA"]

1. c4 Nc6 2. Nc3 Nf6 3. Nf3 e5 4. e4 g6 5. g3 Bg7 6. Bg2 O-O 7. Rb1 a5 8. a3 d6
9. O-O Be6 10. d3 h6 11. b4 axb4 12. axb4 Qd7 13. Nd5 Ne8 14. Be3 f5 15. Nh4 f4
16. Nxg6 fxe3 17. Nxf8 exf2+ 18. Rxf2 Bxf8 19. Qh5 Bg7 20. Rbf1 Ne7 21. Rf7
Bxd5 22. exd5 Kh8 23. Rxg7 Nxg7 24. Qxh6+ Kg8 25. Be4 Nef5 26. Qg6 Rf8 27. g4
Qf7 28. Bxf5 Qxg6 29. Bxg6 Rc8 30. h4 c6 31. h5 Ne8 32. h6 Nc7 33. Rf7 cxd5 34.
Rg7+ Kh8 35. Bf5 dxc4 36. Bxc8 c3 37. Rxc7  1-0